|
|
|
|
| LEADER |
00924nam a2200253 a 4500 |
| 001 |
000557169 |
| 003 |
CZ BrMZK |
| 005 |
20070118152429.0 |
| 007 |
ta |
| 008 |
010907s1991 xr cze d |
| 015 |
|
|
|a cnb000067705
|
| 035 |
|
|
|a (OCoLC)39595123
|
| 040 |
|
|
|a BOA001
|b cze
|
| 080 |
|
|
|a 885.0"19":92Čapek:016
|2 MRF
|
| 100 |
1 |
|
|a Vacina, Ladislav,
|d 1943-1992
|7 jk01141001
|4 aut
|
| 245 |
1 |
0 |
|a Karel Čapek - 100 :
|b výběrová bibliografie ohlasu čapkovských jubileí /
|c zpracoval Ladislav Vacina, Boris Mědílek, Ivo Veliký
|
| 260 |
|
|
|a Hradec Králové :
|b Státní vědecká knihovna,
|c 1991
|
| 300 |
|
|
|a 81 s.
|
| 700 |
1 |
|
|a Mědílek, Boris,
|d 1925-2016
|7 jk01081039
|4 aut
|
| 700 |
1 |
|
|a Veliký, Ivo
|7 mzk2007377555
|4 aut
|
| 910 |
|
|
|a BOA001
|b 2-0973.169
|
| 964 |
|
|
|a Čapek, Karel - bibliografie
|
| 990 |
|
|
|a BK
|
| 996 |
6 |
|
|b 2619729815
|c 2-0973.169
|l MZK
|r Sklad / do 1 hodiny
|n 9
|w 000557169
|u 000010
|a 1
|e BOA001
|j MZK50
|s P
|